| 000 | 00918nam a2200265 i 4500 | ||
|---|---|---|---|
| 003 | DO-SdBNP | ||
| 005 | 20230925152018.0 | ||
| 007 | ta | ||
| 008 | 140217s2007 dr 000 0 spa d | ||
| 040 |
_aDO-SdBNP _bspa _cBNPHU _erda |
||
| 082 |
_bR426 _222 |
||
| 110 |
_aRepública Dominicana _9447 |
||
| 240 | 1 | 0 | _a[leyes,etc.] |
| 245 | 1 | 0 |
_aLey No. 12-07 sobre multas y sanciones : _bLey No. 448-06 sobre soborno en el comercio y la inversión / |
| 264 | 1 |
_aSanto Domingo : _b[editor no identificado], _c2007. |
|
| 300 |
_a10 páginas _c21 cm. |
||
| 336 |
_2rdacontent _atexto _btxt |
||
| 337 |
_2rdamedia _asin mediación _bn |
||
| 338 |
_2rdacarrier _avolumen _bnc |
||
| 500 | _aley No. 12-07 gaceta oficial No. 10397, del 24 de enero del 2007. | ||
| 500 | _aley No. 448-06 gaceta oficial No. 10397, del 6 de diciembre del 2006. | ||
| 590 | _aInventariado, 2023/ YL | ||
| 910 | _aYLockward | ||
| 942 |
_2ddc _cLF2 |
||
| 999 |
_c54931 _d54931 |
||